000 00714nam a2200205 i 4500
001 18702
003 ES-MaACL
007 t|
008 020301s2000 sp ||||0| spa j
020 _a84-7356-258-5
040 _aM-BN
_bspa
_cM-BN
080 _a658.8.012.12
100 1 _aGonzález Lobo, María Angeles.
_958760
245 1 0 _aInvestigación comercial
_b: 22 casos prácticos y un apéndice teórico /
_cMaría Angeles González Lobo.
260 _aPozuelo de Alarcón (Madrid) :
_bESIC,
_c2000.
300 _a447 p :
_bil., gráf ;
_c24 cm +
_e1 disco (CD-ROM)
650 1 4 _aAnálisis de mercado.
_99762
852 _aES-MaACL
_jG-4669
_bR.130970
_z. - Libro
852 _aES-MaACL
_jROT 2/1/1
_z. - CD-ROM
999 _c18702
_d18702